El espíritu del Señor que da la vida: Teología del Espíritu Santo

-д хадгалсан:
Номзүйн дэлгэрэнгүй
Үндсэн зохиолч: González, Carlos Ignacio (Зохиогч)
Формат: Ном
Хэл сонгох:испани
Хэвлэсэн: Lima Conferencia Episcopal Peruana 1997
Хэвлэл:1a. ed
Цуврал:Colección de Textos para Seminarios Latinoamericanos
Нөхцлүүд:
Шошгууд: Шошго нэмэх
Шошго байхгүй, Энэхүү баримтыг шошголох эхний хүн болох!

MARC

LEADER 00000cam a2200000 a 4500
001 UCE7015
003 CL-VaPUC
008 150520e19970000pe |||||||||||||||||spa|d
082 0 4 |a 231.3  |b GON  |2 21 
100 |a González, Carlos Ignacio  |e author  |9 579733 
245 1 3 |a El espíritu del Señor que da la vida: Teología del Espíritu Santo 
250 |a 1a. ed 
300 |a 294 p 
942 |c BK 
945 |d 20150520 16:51:00  |a dcastane 
260 |a Lima  |b Conferencia Episcopal Peruana  |c 1997 
650 0 |a Teología cristiana  |9 308336 
650 0 |a Textos sagrados   |9 257605 
650 0 |a Antiguo testamento   |9 313678 
583 |a last modification  |c 20150520 16:51:00  |k Rodrigo Vera 
490 0 |a Colección de Textos para Seminarios Latinoamericanos 
999 |c 359160  |d 359158 
952 |0 0  |1 0  |3 erb  |4 0  |6 231_300000000000000_GON_1997  |7 0  |8 A  |9 468228  |a BIBTEO  |b BIBTEO  |e Casale Rolle, Carlos Ignacio, -2014  |i 517399K  |o 231.3 GON 1997  |p 517399K  |r 2025-01-17  |w 2019-11-23  |y BK  |z Catalogado en:20150520  |k ICR